Statistics for NBA Teams Last All-Defensive Team Member

Click here to take the quiz!

General Stats

  • This quiz has been taken 25 times
  • The average score is 23 of 30

Answer Stats

Team Year Player % Correct
Washington Wizards2015John Wall
100%
Cleveland Cavaliers2010Lebron James/Anderson Varejão
100%
Philadelphia 76ers2019Joel Embiid
100%
Toronto Raptors2019Kawhi Leonard
100%
Golden State Warriors2019Draymond Green/ Klay Thompson
100%
Minnesota Timberwolves2018Jimmy Butler
100%
Chicago Bulls2016Jimmy Butler
100%
Utah Jazz2019Rudy Gobert
96%
Charlotte Hornets2010Gerald Wallace
96%
New Orleans Pelicans2019Jrue Holiday
96%
Orlando Magic2012Dwight Howard
96%
Oklahoma City Thunder2019Paul George
96%
Milwaukee Bucks2019Giannis Antetokounmpo/Eric Bledsoe
96%
Los Angeles Clippers2017Chris Paul
92%
Brooklyn Nets2007Jason Kidd
88%
Boston Celtics2019Marcus Smart
88%
Indiana Pacers2018Victor Oladipo
84%
Los Angeles Lakers2012Kobe Bryant
84%
Atlanta Hawks2016Paul Millsap
76%
New York Knicks2013Tyson Chandler
76%
Dallas Mavericks2011Tyson Chandler
76%
Memphis Grizzlies2017Tony Allen
72%
Miami Heat2016Hassan Whiteside
72%
Detroit Pistons2008Tayshaun Prince
60%
Denver Nuggets2008Marcus Camby
56%
San Antonio Spurs2018Dejounte Murray
48%
Houston Rockets2017Patrick Beverley
40%
Phoenix Suns2008Raja Bell
24%
Sacramento Kings2006Ron Artest
24%
Portland Trail Blazers2004Theo Ratliff
8%

Score Distribution

Percentile by Number Answered

Percent of People with Each Score

Your Score History

You have not taken this quiz